Types of Chickens By Picture - Statistics

General Stats
  • This quiz has been taken 68 times
  • The average score is 4 of 15
Answer Stats
Picture Answer % Correct
Silkie
83%
Rhode Island Red
75%
Buff Orpington
57%
Sussex
34%
Wyandotte
34%
Naked Neck
28%
Welsummer
25%
Cochin
23%
Dominique
21%
Araucana
19%
Crested Cream Legbar
19%
Serama
11%
Barnevelder
6%
Brahma
6%
Easter Egger
6%
No matching quizzes found
Score Distribution
Percent of People with Each Score
Percentile by Number Answered
Your Score History
You have not taken this quiz